Accuracy of methods for predicting yield potentials of three-year-old nursery clones (Record no. 53746)

MARC details
000 -LEADER
fixed length control field 00540nam a2200193Ia 4500
100 ## - MAIN ENTRY--AUTHOR NAME
Personal name Zhongyu Zhou
245 #0 - TITLE STATEMENT
Title Accuracy of methods for predicting yield potentials of three-year-old nursery clones
260 ## - PUBLICATION, DISTRIBUTION, ETC. (IMPRINT)
Name of publisher Chinese Journal of Tropical Crops
Year of publication 1991
300 ## - PHYSICAL DESCRIPTION
Number of Pages 16
650 ## - SUBJECT ADDED ENTRY--TOPICAL TERM
Topical Term Accuracy
650 ## - SUBJECT ADDED ENTRY--TOPICAL TERM
Topical Term Hevea brasiliensis
650 ## - SUBJECT ADDED ENTRY--TOPICAL TERM
Topical Term Nursery stage
650 ## - SUBJECT ADDED ENTRY--TOPICAL TERM
Topical Term Yield prediction
700 ## - ADDED ENTRY--PERSONAL NAME
Personal name Jinxing Liu
700 ## - ADDED ENTRY--PERSONAL NAME
Personal name Qiayuan Guo
700 ## - ADDED ENTRY--PERSONAL NAME
Personal name Sairong Zhan
942 ## - ADDED ENTRY ELEMENTS (KOHA)
Koha item type Journals
Holdings
Withdrawn status Lost status Damaged status Not for loan Home library Current library Shelving location Date acquired Serial Enumeration / chronology Koha item type
      Journals RRII Library RRII Library Physiology 17/12/2021 Volume 12, Issue 1 Journals